| 000 | 00626nam a2200217 a 4500 | ||
|---|---|---|---|
| 001 | 19492 | ||
| 003 | CO-ViMGA | ||
| 008 | 141112s2004 ck r 000 u spa d | ||
| 020 | _a9589335152 | ||
| 040 |
_aCO-ViMGA _bspa _cCO-ViMGA |
||
| 082 | 0 | 4 | _a268 L653c |
| 100 | 1 |
_aLondoño, Alejandro _928115 |
|
| 245 | 1 | 0 | _aCurso de animadores juveniles |
| 260 |
_aBogotá : _bPaulinas; 1995 |
||
| 300 | _a2 vols. | ||
| 590 | _aForma de adquisición : Premio Mincultura | ||
| 650 | 1 | 4 |
_aCATEQUESIS _928116 |
| 650 | 1 | 4 |
_aFORMACION DE CATEQUISTAS - DINAMICA DE GRUPOS _928117 |
| 650 | 1 | 4 |
_aTEOLOGIA - ENSEÑANZA _928118 |
| 942 |
_2ddc _cBK |
||
| 999 |
_c28633 _d28633 |
||